Generációk és a digitális pénzügyi világ
| Szerző: | |
|---|---|
| További közreműködők: | |
| Dokumentumtípus: | TDK dolgozat |
| Kulcsszavak: | gazdasági döntések pénzügyi kultúra pénzügyi technológia Y generáció Z generáció |
| Online Access: | http://dolgozattar.uni-bge.hu/60462 |
MARC
| LEADER | 00000nta a2200000 i 4500 | ||
|---|---|---|---|
| 001 | dolg60462 | ||
| 005 | 20260416073737.0 | ||
| 008 | 260416suuuu hu o 000 hun d | ||
| 040 | |a BGE Dolgozattár Repozitórium |b hun | ||
| 041 | |a hu | ||
| 100 | 1 | |a Nagy Adrienn | |
| 245 | 1 | 0 | |a Generációk és a digitális pénzügyi világ |c Nagy Adrienn |h [elektronikus dokumentum] |
| 516 | |a Students_Scientific_Association_paper | ||
| 520 | 3 | |a Dolgozatomban a különböző generációk pénzügyi szokásait, valamint a digitális megoldásokhoz és FinTech-újításokhoz való hozzáállását vizsgálom. A kutatás célja annak feltárása volt, hogy a generációs különbségek miként hatnak az emberek pénzügyi attitűdjeire, döntéshozatali folyamataira és a digitális pénzügyi eszközök elfogadására. Feltételeztem, hogy az emberek pénzügyeikben elsősorban közvetlen környezetük, családjuk, barátaik, véleményére támaszkodnak, ugyanakkor a FinTech megoldások terjedésével egyre tudatosabban kezelik pénzügyeiket. Továbbá azt is gondoltam, hogy a bankválasztás során minden korosztály számára az online szolgáltatások elérhetősége kiemelten fontos tényező. A kutatás során arra kerestem választ, hogy milyen eszközöket és módszereket alkalmaznak az emberek pénzügyi döntéseik megtervezése során, hogyan vélekednek a megtakarításról, és miként befolyásolják a generációs különbségek a pénzügyi attitűdöket, döntéshozatalt és a digitális megoldásokhoz való viszonyulást. A téma összetettsége miatt vegyes kutatási módszertant alkalmaztam. A kvantitatív kutatás keretében kérdőíves adatgyűjtést végeztem, amelyet 320 fő töltött ki. Az adatok feldolgozásához kereszttáblás elemzést, döntési fákat és klaszterelemzést használtam. A kvalitatív szakaszban öt félig strukturált interjút készítettem, valamint netnográfiai megfigyelést folytattam releváns online felületeken, hogy mélyebben megértsem a válaszadók motivációit és értelmezési kereteit. Az eredmények rávilágítanak a generációk közötti különbségekre és hasonlóságokra a digitális pénzügyi megoldások használatában. A fiatalabb generációk nyitottabbak és tudatosabban kezelik pénzügyeiket, míg az idősebb korosztály inkább a hagyományos, biztonságosabb csatornákat részesíti előnyben. A digitális pénzügyi tudatosság ugyanakkor minden korosztályban növekvő tendenciát mutat. Összességében a kutatás megerősíti, hogy a digitális fejlődés és a pénzügyi innovációk sikeressége nagymértékben függ a generációk eltérő igényeinek és attitűdjeinek figyelembevételétől. | |
| 695 | |a gazdasági döntések | ||
| 695 | |a pénzügyi kultúra | ||
| 695 | |a pénzügyi technológia | ||
| 695 | |a Y generáció | ||
| 695 | |a Z generáció | ||
| 700 | 1 | |a Hegedűs Dr. Szilárd |e ths | |
| 700 | 1 | |a Kádár Béla |e ths | |
| 856 | 4 | 0 | |u http://dolgozattar.uni-bge.hu/60462/1/NagyAdrienn_2025_TDK.pdf |z Dokumentum-elérés |
| 856 | 4 | 0 | |u http://dolgozattar.uni-bge.hu/60462/2/NagyA1_rez%C3%BCm%C3%A9.docx |z Dokumentum-elérés |
| 856 | 4 | 0 | |u http://dolgozattar.uni-bge.hu/60462/3/05_Dolgozat_biralati_lap_2025_HU%20Nagy%20Adrienn.pdf |z Dokumentum-elérés |
| 856 | 4 | 0 | |u http://dolgozattar.uni-bge.hu/60462/4/Nagy%20Adrienn_Dolgozat_biralati_lap_2025.pdf |z Dokumentum-elérés |